00850nam a2200193 a 450000100100000000500170001000800410002702000180006804000250008608200150011110000410012624501750016724601140034226000520045630000210050850000620052950000420059170000230063300002241920200930011725.0101011s2009 dr 000 0 spa d a9789945856835 aDO-SdBNPbspacBNPHU axxxbG993c1 aGuzmán F., Francisco Rafaeld1950-10a50 años de la Facultad de Ciencias Económicas y Sociales. Medio siglo: una historia, una facultad. /cFrancisco Rafael Guzmán F. ; presentación Emma Polanco Melo.10aCincuenta años de la Facultad de Ciencias Económicas y Sociales. Medio siglo: una historia, una facultad. aSanto Domingo :bComputhen todo impreso,c2009. a204 p. ;c28 cm. aIncluye datos biográficos del autor en la contraportada aIncluye notas al pie de las páginas1 aPolanco Melo, Emma